Statistics for Which One Is The Real User

Click here to take the quiz!

General Stats

  • This quiz has been taken 7 times
    (6 since last reset)
  • The average score is 9 of 15

Answer Stats

QuestionAnswer% Correct
?kalbahamut
100%
?Stewart
100%
?Hibasi
83%
?Quizmaster
83%
?daboishangoutusa
67%
?Jerry928
67%
?johnnyaitch
67%
?YouLoveEagle
67%
?alberici
50%
?GrandMo
50%
?skukka
50%
?zxcvbnm
50%
?Aaron197
33%
?Fuchs
17%
?Hategump
0%

Score Distribution

Percentile by Number Answered

Percent of People with Each Score

Your Score History

You have not taken this quiz since the last reset